Microelectronic circuits / (Record no. 3474)

000 -LEADER
fixed length control field 00462nam a22001697a 4500
008 - FIXED-LENGTH DATA ELEMENTS--GENERAL INFORMATION
fixed length control field 200616b ||||| |||| 00| 0 eng d
020 ## - INTERNATIONAL STANDARD BOOK NUMBER
International Standard Book Number 4833700905
082 00 - DEWEY DECIMAL CLASSIFICATION NUMBER
Classification number 621.3815
Item number S449
100 ## - MAIN ENTRY--PERSONAL NAME
9 (RLIN) 2862
Personal name Sedra, A. S.
245 10 - TITLE STATEMENT
Title Microelectronic circuits /
250 ## - EDITION STATEMENT
Edition statement 1st ed.
260 ## - PUBLICATION, DISTRIBUTION, ETC. (IMPRINT)
Place of publication, distribution, etc New York
Name of publisher, distributor, etc Holt-Saunders
Date of publication, distribution, etc 1982
300 ## - PHYSICAL DESCRIPTION
Extent xiii, 927 p.
650 #0 - SUBJECT ADDED ENTRY--TOPICAL TERM
Topical term or geographic name as entry element Electronic Circuits
700 ## - ADDED ENTRY--PERSONAL NAME
9 (RLIN) 2864
Personal name Smith, K. C.
942 ## - ADDED ENTRY ELEMENTS (KOHA)
Item type Books
Holdings
Withdrawn status Lost status Source of classification or shelving scheme Damaged status Not for loan Permanent location Current location Date acquired Full call number Barcode Date last seen Koha item type Total Checkouts Date last borrowed
          IMU Kolkata IMU Kolkata 2020-06-16 621.3815 S449 06198 2020-06-16 Books    
          IMU Kolkata IMU Kolkata 2021-01-13 621.3815 S449 08375 2024-12-13 Books 1 2024-12-04
Designed and Maintained by IMU-KC Library, Kolkata Campus © Copyright All Rights Reserved

webs counters

Powered by Koha